| 000 | 00439nam a22001817a 4500 | ||
|---|---|---|---|
| 003 | MPLRDC | ||
| 005 | 20220104164455.0 | ||
| 008 | 210129b ||||| |||| 00| 0 eng d | ||
| 020 | _a0-7493-2091-5 | ||
| 082 | _a870.57 THO | ||
| 100 | _aROSIE THOMAS | ||
| 245 |
_aEVERY WOMAN KNOWS A SECRET _c |
||
| 250 | _a1ST ED. | ||
| 260 |
_aENGLAND _bMANDARIN PAPERBACKS _c1997 |
||
| 300 | _b490 | ||
| 650 | _aFICTION | ||
| 942 |
_cBK _o870.57 THO |
||
| 999 |
_c56999 _d56989 |
||